Most Profitable Industries in 2019 - Statistics

General Stats
  • This quiz has been taken 69 times
  • The average score is 5 of 10
Answer Stats
Ranking Billionaires Industries % Correct
9 85 Energy
78%
4 214 Technology
78%
1 306 Finance & Investments
71%
7 171 Food & Beverage
64%
2 230 Fashion & Retail
62%
10 71 Media & Entertainment
47%
3 223 Real Estate
40%
5 188 Manufacturing
34%
8 135 Healthcare
29%
6 188 Diversified
2%
No matching quizzes found
Score Distribution
Percent of People with Each Score
Percentile by Number Answered
Your Score History
You have not taken this quiz